|
|
|
|
| LEADER |
01681nam a2200457 a 4500 |
| 001 |
000653043 |
| 003 |
CZ BrMZK |
| 005 |
20031020115909.0 |
| 007 |
ta |
| 008 |
030210s2002 xr f cze d |
| 015 |
|
|
|a cnb001202464
|
| 020 |
|
|
|a 80-244-0530-X
|q (brož.)
|
| 035 |
|
|
|a (OCoLC)53269461
|
| 040 |
|
|
|a OLA001
|b cze
|c BOA001
|
| 043 |
|
|
|a e-xr---
|
| 045 |
|
|
|a x4y0
|
| 080 |
|
|
|a 737.2
|2 MRF
|
| 080 |
|
|
|a (437.3)
|2 MRF
|
| 080 |
|
|
|a (081)
|2 MRF
|
| 080 |
|
|
|a (084.11)
|2 MRF
|
| 080 |
|
|
|a 730(437.3)
|2 MRF
|
| 080 |
|
|
|a 730.036/.038
|2 MRF
|
| 080 |
|
|
|a 741/744(437.3)
|2 MRF
|
| 100 |
1 |
|
|a Přikryl, Zdeněk,
|d 1928-2020
|7 jk01101596
|4 aut
|4 art
|
| 245 |
1 |
0 |
|a Zdeněk Přikryl :
|b sochy, kresby, medaile a jiné básně : půl století pod korouhví olomoucké alma mater /
|c [odpovědný redaktor Hana Dziková]
|
| 246 |
3 |
3 |
|a Sochy, kresby, medaile a jiné básně
|
| 250 |
|
|
|a 1. vyd.
|
| 260 |
|
|
|a Olomouc :
|b Univerzita Palackého,
|c 2002
|
| 300 |
|
|
|a 87 s. :
|b il ;
|c 19 x 25 cm
|
| 500 |
|
|
|a Publikace k autorovým 75. narozeninám
|
| 600 |
1 |
7 |
|a Přikryl, Zdeněk,
|d 1928-
|7 jk01101596
|2 czenas
|
| 650 |
0 |
7 |
|a české sochařství
|7 ph128152
|y 20.-21. stol.
|2 czenas
|
| 650 |
0 |
7 |
|a moderní sochařství
|7 ph122941
|z Česko
|2 czenas
|
| 650 |
0 |
7 |
|a česká kresba
|7 ph116857
|y 20.-21. stol.
|2 czenas
|
| 650 |
0 |
7 |
|a medaile
|7 ph115253
|z Česko
|y 20.-21. stol.
|2 czenas
|
| 655 |
|
7 |
|a sborníky
|7 fd163935
|2 czenas
|
| 655 |
|
7 |
|a obrazové publikace
|7 fd132947
|2 czenas
|
| 700 |
1 |
|
|a Dziková, Hana,
|d 1951-
|7 mzk2006331713
|4 edt
|
| 910 |
|
|
|a BOA001
|b 2-1113.926
|
| 990 |
|
|
|a BK
|
| 996 |
6 |
|
|b 2610181493
|c 2-1113.926
|l MZK
|r Sklad / do 1 hodiny
|n 3
|p p.v.
|w 000653043
|u 000010
|a 1
|e BOA001
|j MZK50
|s P
|